| 000 | 01149nam a22002657a 4500 | ||
|---|---|---|---|
| 999 |
_c6161 _d6161 |
||
| 001 | 6161 | ||
| 003 | BD-JhCC | ||
| 005 | 20210819134021.0 | ||
| 008 | 180115s2007 bg ||||| ||a| 00| 0 mul d | ||
| 020 | _a9845120067 | ||
| 035 | _a(BD-JhCC)6161 | ||
| 040 |
_aBD-JhCC _dBD-JhCC |
||
| 041 | _amul | ||
| 082 |
_a954.9205 _bBAN 2007 |
||
| 245 |
_aবাংলাদেশের ইতিহাস ১৭০৪-১৯৭১ / _cসিরাজুল ইসলাম, সাজাহান মিয়া |
||
| 250 | _a3rd ed. | ||
| 260 |
_aঢাকা : _bবাংলাদেশ এশিয়াটিক সোসাইটি, _c2015. |
||
| 300 |
_a608 p. : _c26 cm. |
||
| 505 | _aপ্রথম খন্ড : রাজনৈতিক ইতিহাস; দ্বিতীয় খন্ড : অর্থনৈতিক ইতিহাস; তৃতীয় খন্ড : সামাজিক সাংস্কৃতিক ইতিহাস। | ||
| 650 |
_aHistory _zBangladesh |
||
| 700 | _aইসলাম, সিরাজুল | ||
| 700 | _aমিয়া, সাজাহান | ||
| 942 |
_2ddc _cBK _03 |
||